D. thomae aqvinatis doctoris angelici complectens expositionem in quatour libros meteororum dicuntur aristotelis (Record no. 8254)

MARC details
000 -CABECERA
campo de control de longitud fija 01367nam a2200313 a 4500
001 - NÚMERO DE CONTROL
campo de control BRCA_8591
005 - FECHA Y HORA DE LA ÚLTIMA TRANSACCIÓN
campo de control 20190320210335.0
008 - DATOS DE LONGITUD FIJA--INFORMACIÓN GENERAL
campo de control de longitud fija 220816s1570----it-#######---#000-0#lat-#
041 ## - CÓDIGO DE LENGUA
Código de lengua del texto/banda sonora o título independiente lat
044 ## - CÓDIGO DEL PAÍS DE LA ENTIDAD EDITORA/PRODUCTORA
Código MARC del país it
050 #4 - SIGNATURA TOPOGRÁFICA DE LA BIBLIOTECA DEL CONGRESO
Número de clasificación QC851
Número de documento/Ítem .A78
-- 1570
100 1# - ENTRADA PRINCIPAL--NOMBRE DE PERSONA
Nombre de persona Aqvinatis, D. Thomae
9 (RLIN) 21492
245 10 - MENCIÓN DE TÍTULO
Título D. thomae aqvinatis doctoris angelici complectens expositionem in quatour libros meteororum dicuntur aristotelis
Mención de responsabilidad, etc. D. Thomae Aqvinatis.
260 ## - PUBLICACIÓN, DISTRIBUCIÓN, ETC.
Lugar de publicación, distribución, etc. Romae
Nombre del editor, distribuidor, etc. Apud haeredes Antonii Bladii & Ioannem Osmarinum Liliorum socios
Fecha de publicación, distribución, etc. 1570
300 ## - DESCRIPCIÓN FÍSICA
Extensión T.III, (con varias paginaciones)
Dimensiones 35 cm
500 ## - NOTA GENERAL
Nota general Fondo antiguo
500 ## - NOTA GENERAL
Nota general Se encuentra en Caja Fuerte
500 ## - NOTA GENERAL
Nota general LM-59
500 ## - NOTA GENERAL
Nota general Grabado en portada
500 ## - NOTA GENERAL
Nota general Uso de letras capitulares, viñetas al final de los capítulos
500 ## - NOTA GENERAL
Nota general Marca de fuego en el canto superior e inferior no identificada
500 ## - NOTA GENERAL
Nota general Nota de encuadernación: en piel pergamino, desprendida del lomo
505 0# - NOTA DE CONTENIDO CON FORMATO
Nota de contenido con formato Contiene: In quator libros meteorum.-- in tres libros de anima et.-- in cos, qui patua naturalia dicuntur, aristotelis
506 0# - NOTA DE RESTRICCIONES AL ACCESO
Limitaciones de acceso Fondo reservado: para su consulta es necesario credencial de usuario y carta de motivos
650 14 - PUNTO DE ACCESO ADICIONAL DE MATERIA--TÉRMINO DE MATERIA
Término de materia o nombre geográfico como elemento de entrada Aristóteles
Término indicativo de función/relación Meteorológicos
Subdivisión de forma Crítica textual
9 (RLIN) 21493
650 14 - PUNTO DE ACCESO ADICIONAL DE MATERIA--TÉRMINO DE MATERIA
Término de materia o nombre geográfico como elemento de entrada Aristóteles
Término indicativo de función/relación Sobre el alma
Subdivisión de forma Crítica textual
9 (RLIN) 21493
902 ## - CATALOGADOR
Iniciales LAR
942 ## - ELEMENTOS DE PUNTO DE ACCESO ADICIONAL (KOHA)
Fuente del sistema de clasificación o colocación Library of Congress Classification
Tipo de ítem Koha Libros
Holdings
Estado de retiro Estado de pérdida Estado dañado No para préstamo Localización permanente Ubicación/localización actual Fecha de adquisición Número de inventario Total de préstamos Signatura topográfica completa Código de barras Fecha visto por última vez Precio válido a partir de Tipo de ítem Koha
El ejemplar forma parte de la colección y puede ser consultado según las políticas vigentes.       Biblioteca del Museo Franz Mayer (Rogerio Casas-Alatriste) Biblioteca del Museo Franz Mayer (Rogerio Casas-Alatriste) 22/08/2016 LM-59   QC851 .A78 1570 (LM-59) LAR00096 22/03/2019 22/03/2019 Libros